000 00328nam a2200133Ia 4500
005 20251222143148.0
008 251222s9999||||xx |||||||||||||| ||spa||
082 _a321.07/C12
100 _aCabodevilla. José María
245 0 _aFeria de Utopías:
250 _a1a. ed.
264 _bEditorial Católica, S.A.
942 _cLIB
999 _c12585
_d12585